000
00260nam a2200097Ia 4500
001
690621
005
20250826161819.0
008
250824s9999 xx 000 0 und d
245
0
_a
TARİHİ DEĞİŞTİREN BİLGİNLER
_c
ALİ ÇİMEN
260
_b
TİMAŞ YAYINLARI
999
_c
690621
_d
690621